Score 0/20 Timer 04:00
1 Play Today
Question Answer Wrong Answers
What object is not mentioned in 'Little Miss Muffet'? Mushroom
95.5%
Tuffet
1.6%
Curds and whey
1.5%
Spider
1.4%
What did Old King Cole not call for? His teddy bear
91.4%
His pipe
2.1%
His bowl
2.5%
His fiddlers three
1.6%
Who is not in the tub in 'Rub-a-Dub-Dub'? Cobbler
88.3%
Butcher
4.4%
Baker
1.3%
Candlestick maker
2.8%
What did the little piggies not do in 'This Little Piggy'? Go to school
86%
Go to the market
1.1%
Stay home
2.5%
Have roast beef
4.8%
What is not a way to eat pease porridge? With crème fraîche
84.9%
Hot
1.2%
Cold
2.2%
In the pot, nine days old
3.6%
What is not found in Mary's garden in 'Mary, Mary, Quite Contrary'? Wishing well
78.3%
Silver bells
6.7%
Cockle shells
5.2%
Pretty maids all in a row
8.4%
What nursery rhyme does not mention livestock? 'Georgie Porgie'
74.5%
'Little Boy Blue'
11%
'Little Bo-Peep'
1.3%
'To Market, to Market'
4.3%
Who is not supposed to get a bag of wool in 'Baa, Baa, Black Sheep'? Preacher
74%
Master
4.8%
Dame
6.8%
Little boy
7.5%
What things are not mentioned in 'What Are Little Boys Made Of?' Toy trains
71.6%
Snips
11.9%
Snails
3%
Puppy-dogs' tails
2.7%
What did a boy named Jack not do in a nursery rhyme? Sang for his supper
66.8%
Went up a hill
7.2%
Jumped over the candlestick
7%
Sat in the corner
10.8%
What nursery rhyme does not mention mice? 'Three Little Kittens'
64.5%
'Hickory Dickory Dock'
3.1%
'Pussycat, Pussycat'
21.2%
'Three Blind Mice'
0.9%
What did Old Mother Hubbard's dog not do? Cook a soufflé
63.6%
Smoke his pipe
6.8%
Play the flute
6%
Read the news
14.8%
What nursery rhyme does not refer to baked goods? 'Wee Willie Winkie'
61.7%
'Little Jack Horner'
3%
'The Queen of Hearts'
16.4%
'Simple Simon'
14.8%
What did Solomon Grundy not do on the different days of the week? Ate fish on Friday
60.8%
Born on a Monday
5.1%
Married on Wednesday
13.8%
Buried on Sunday
10%
Who is not in their correct location in 'Sing a Song of Sixpence'? The knight was in the tower
58.4%
The king was in his counting house
11.9%
The queen was in the parlor
8.4%
The maid was in the garden
13.3%
What things or people are not mentioned in 'As I Was Going to St. Ives'? Fine ladies
50.1%
Wives
6.9%
Cats
15.4%
Sacks
17.9%
What thing is not matched to its real meaning in 'Wynken, Blynken, and Nod'? Moon - a candle
45.4%
Wynken and Blynken - two little eyes
11%
Nod - a little head
12.9%
Wooden shoe - a wee one's trundle-bed
23.4%
What is not characteristic of children born on the different days of the week in 'Monday's Child'? Tuesday - quick of pace
44.5%
Monday - fair of face
6.7%
Wednesday - full of woe
12.4%
Friday - loving and giving
24%
What is not in Jack's house in 'This Is the House that Jack Built'? Cheese
27.5%
Malt
50%
Cat
4.5%
Rat
6.5%
What crooked thing is not in 'There Was a Crooked Man'? Crooked fence
21.7%
Crooked mile
12.3%
Crooked sixpence
27.2%
Crooked mouse
33.7%

You're not logged in!

Compare scores with friends on all Sporcle quizzes.
OR
Log In

Sporcle TV

Today on Sporcle TV


Watch our educational content, quiz creation guides, and fun videos on Sporcle TV.

Show Comments

Extras

Top Quizzes Today


Score Distribution

Your Account Isn't Verified!

In order to create a playlist on Sporcle, you need to verify the email address you used during registration. Go to your Sporcle Settings to finish the process.

Report this User

Report this user for behavior that violates our Community Guidelines.

Details: